Ruined By A Letter: Proverbs Quiz Stats

 Plays Quiz Updated Jan 21, 2019

Support Sporcle.
Go Orange.
Score 0/25 Timer 04:00
8 Plays Today
% Correct
D
96.7%
J
96.4%
S
96.1%
R
96.1%
Y
96%
C
95.9%
B
95.9%
G
95.7%
H
95.4%
O
95.4%
L
95.3%
E
95.2%
P
94.7%
% Correct
F
94.6%
K
94.2%
V
93.8%
A
93.7%
N
93.1%
T
92.4%
W
91.5%
X
91%
U
90.2%
I
88.1%
M
86.6%
Z
84.6%

You're not logged in!

Compare scores with friends on all Sporcle quizzes.
OR
Log In
Forgot?

From the Vault

Lingo from the 1980s

by hatefulmissy

Dude, we are like so totally psyched about this quiz.
Remove Ads.
Support Sporcle.
Get the best of Sporcle when you Go Orange. This ad-free experience offers more features, more stats, and more fun while also helping to support Sporcle. Thank you for becoming a member.

Show Comments

Extras

Top Quizzes Today


Score Distribution

Your Account Isn't Verified!

In order to create a playlist on Sporcle, you need to verify the email address you used during registration. Go to your Sporcle Settings to finish the process.

Report this User

Report this user for behavior that violates our Community Guidelines.

Details: